| 000 | 00555nam a22001817a 4500 | ||
|---|---|---|---|
| 999 |
_c525789 _d525789 |
||
| 003 | NUST | ||
| 020 | _qHB/K | ||
| 038 | _aFaiza | ||
| 082 |
_a891.4911 _bMAS |
||
| 100 |
_aMasood, Syed Tariq _916731 |
||
| 245 |
_aTaven Taven Taary / _cSyed Tariq Masood |
||
| 260 |
_aIslamabad : _bManzil Publications, _c2007. |
||
| 300 | _a119 p. ; | ||
| 880 |
_6100-01\r _aسید طارق مسعود |
||
| 880 |
_6245-02\r _aٹانویں ٹانویں تارے / |
||
| 880 |
_6260-03\r _aاسلام آباد : _bمنزل پبلیکیشنز, _c۲۰۰۷. |
||
| 942 |
_2ddc _cBK |
||